[Event "25. Open Internacional de Andorra"]
[Site "Andorra AND"]
[Date "2007.07.04"]
[Round "5.13"]
[White "Huerga Leache, Mikel"]
[Black "Fernandez Romero, Ernesto"]
[Result "1/2-1/2"]
[WhiteElo "2344"]
[BlackElo "2437"]
[PlyCount "163"]
[EventDate "2007.06.30"]
[EventType "swiss"]
[EventRounds "9"]
[EventCountry "AND"]
[Source "lmi"]
[SourceDate "2007.06.30"]

1. e4 c5 2. Nf3 Nc6 3. d4 cxd4 4. Nxd4 Nf6 5. Nc3 d6 6. Bg5 e6 7. Qd2 a6 8.
O-O-O Bd7 9. f3 Be7 10. h4 h6 11. Be3 h5 12. Bg5 Ne5 13. Kb1 b5 14. Bd3 Qb6 15.
Be3 Qb7 16. Rhe1 b4 17. Nce2 a5 18. Bg5 a4 19. f4 Neg4 20. Ng3 Qb6 21. Bc4 Qc5
22. b3 g6 23. Qe2 axb3 24. cxb3 e5 25. Nf3 O-O 26. f5 Kg7 27. Qd2 Ra7 28. Bxf6+
Bxf6 29. Re2 Bb5 30. Qxd6 Qxd6 31. Rxd6 Bxc4 32. bxc4 Rc8 33. fxg6 fxg6 34.
Red2 Rxc4 35. Rd7+ Rxd7 36. Rxd7+ Kf8 37. Rb7 Nf2 38. Rb8+ Kg7 39. Rb7+ Kh6 40.
Nd2 Rc3 41. Nf3 Bxh4 42. Nxh4 Rxg3 43. Rxb4 Kg5 44. Nf3+ Kf4 45. a4 Nd3 46. Rb8
Rxg2 47. a5 Nc5 48. Rc8 Na6 49. Rc6 Kxf3 50. Rxa6 h4 51. Rf6+ Ke3 52. Rb6 h3
53. Rb3+ Kxe4 54. Rxh3 Rf2 55. a6 Rf7 56. Rg3 Rg7 57. Kc2 g5 58. Kd2 g4 59. Ke2
Kf4 60. Ra3 Ra7 61. Kf2 e4 62. Kg2 g3 63. Rxg3 Rxa6 64. Rb3 Ke5 65. Kf2 Kd4 66.
Ke1 Ra2 67. Rh3 Ra1+ 68. Ke2 Kc4 69. Rg3 Ra2+ 70. Ke1 Kd4 71. Rh3 Kc4 72. Rg3
Ra5 73. Rh3 Rd5 74. Ke2 Kd4 75. Ra3 Rb5 76. Ke1 Ke5 77. Rh3 Kf4 78. Ra3 Rb2 79.
Rc3 Rb1+ 80. Ke2 e3 81. Rc4+ Ke5 82. Kxe3 1/2-1/2

[Event "25. Open Internacional de Andorra"]
[Site "Andorra AND"]
[Date "2007.07.04"]
[Round "5.14"]
[White "Avila Jimenez, Javier"]
[Black "Arizmendi Martinez, Julen Luis"]
[Result "0-1"]
[WhiteElo "2259"]
[BlackElo "2525"]
[PlyCount "74"]
[EventDate "2007.06.30"]
[EventType "swiss"]
[EventRounds "9"]
[EventCountry "AND"]
[Source "lmi"]
[SourceDate "2007.06.30"]

1. d4 d6 2. c4 e5 3. Nf3 e4 4. Ng5 f5 5. Nc3 c6 6. g3 Be7 7. h4 Nf6 8. Bg2 O-O
9. Qb3 Na6 10. Bf4 Nc7 11. Bxd6 Bxd6 12. c5+ Ncd5 13. cxd6 Qxd6 14. e3 h6 15.
Nxd5 Nxd5 16. Nh3 Be6 17. Qa3 Qb4+ 18. Qxb4 Nxb4 19. Kd2 Bxa2 20. b3 a5 21. Kc3
c5 22. dxc5 Rfc8 23. Bf1 Rxc5+ 24. Bc4+ Kh7 25. Kb2 b5 26. Be6 Kg6 27. Nf4+ Kf6
28. Rac1 Rxc1 29. Rxc1 g5 30. hxg5+ hxg5 31. Nd5+ Kxe6 32. Nxb4 axb4 33. Ra1 f4
34. gxf4 gxf4 35. Rxa2 Rxa2+ 36. Kxa2 fxe3 37. fxe3 Kf5 0-1

[Event "25. Open Internacional de Andorra"]
[Site "Andorra AND"]
[Date "2007.07.04"]
[Round "5.15"]
[White "Flores, Diego"]
[Black "Garcia Paolicchi, Raul"]
[Result "1-0"]
[WhiteElo "2543"]
[BlackElo "2208"]
[PlyCount "57"]
[EventDate "2007.06.30"]
[EventType "swiss"]
[EventRounds "9"]
[EventCountry "AND"]
[Source "lmi"]
[SourceDate "2007.06.30"]

1. c4 Nf6 2. Nc3 e5 3. Nf3 Nc6 4. e3 Be7 5. a3 O-O 6. Qc2 d6 7. b4 Re8 8. Bb2
Bf8 9. Be2 a5 10. b5 Nb8 11. d4 e4 12. Ng5 Qe7 13. f3 d5 14. fxe4 dxe4 15. O-O
h6 16. Rxf6 Qxf6 17. Ncxe4 Rxe4 18. Nxe4 Qe7 19. Rf1 f5 20. Ng3 Qxe3+ 21. Kh1
g6 22. c5 c6 23. Bc4+ Kh7 24. Nxf5 Qg5 25. Nd6 Bxd6 26. Rf7+ Kh8 27. d5+ Be5
28. Bxe5+ Qxe5 29. Qxg6 1-0

[Event "25. Open Internacional de Andorra"]
[Site "Andorra AND"]
[Date "2007.07.04"]
[Round "5.16"]
[White "Kosten, Anthony C"]
[Black "Fenollar Jorda, Manuel"]
[Result "1/2-1/2"]
[WhiteElo "2517"]
[BlackElo "2287"]
[PlyCount "52"]
[EventDate "2007.06.30"]
[EventType "swiss"]
[EventRounds "9"]
[EventCountry "AND"]
[Source "lmi"]
[SourceDate "2007.06.30"]

1. c4 c5 2. Nc3 Nf6 3. g3 g6 4. Bg2 Bg7 5. e3 O-O 6. Nge2 Nc6 7. O-O d6 8. d4
Bd7 9. b3 Qc8 10. Bb2 Bh3 11. d5 Bxg2 12. Kxg2 Ne5 13. f4 Ned7 14. Qd2 Rb8 15.
h3 a6 16. a4 b6 17. g4 Ne8 18. Ng3 Nc7 19. Nce4 Bxb2 20. Qxb2 b5 21. axb5 axb5
22. Qe2 bxc4 23. bxc4 Rb4 24. Rac1 Qa6 25. Rc2 Nb6 26. Rfc1 Ra8 1/2-1/2

[Event "25. Open Internacional de Andorra"]
[Site "Andorra AND"]
[Date "2007.07.04"]
[Round "5.17"]
[White "Perez Candelario, Manuel"]
[Black "Popilsky, Gil"]
[Result "1-0"]
[WhiteElo "2511"]
[BlackElo "2193"]
[PlyCount "99"]
[EventDate "2007.06.30"]
[EventType "swiss"]
[EventRounds "9"]
[EventCountry "AND"]
[Source "lmi"]
[SourceDate "2007.06.30"]

1. e4 e5 2. Nf3 Nc6 3. Bb5 a6 4. Ba4 d6 5. O-O Bd7 6. c3 g6 7. d4 Bg7 8. dxe5
Nxe5 9. Nxe5 dxe5 10. Bg5 Qc8 11. Nd2 Nf6 12. Bc2 O-O 13. a4 a5 14. Nc4 Bc6 15.
Qe2 h6 16. Bd2 Qe6 17. f3 b5 18. Ne3 bxa4 19. c4 Rfb8 20. Bc3 Bf8 21. Nd5 Ne8
22. Kh1 Rb7 23. Qe1 Nd6 24. f4 exf4 25. Nf6+ Kh8 26. Nh5+ Kg8 27. Nf6+ Kh8 28.
Ng4+ Kg8 29. Rxf4 Ne8 30. Qf2 h5 31. Nf6+ Nxf6 32. Rxf6 Qxc4 33. e5 Bc5 34.
Rxc6 Qxc3 35. Rxc5 Qxb2 36. Rf1 c6 37. Rxc6 Qxe5 38. Bxg6 fxg6 39. Rxg6+ Kh8
40. Rf6 Qg5 41. Qf3 Rab8 42. Rf5 Qg6 43. Rxh5+ Kg8 44. Qd5+ Rf7 45. Rg5 Qxg5
46. Qxg5+ Rg7 47. Qd5+ Kh8 48. h3 Rbg8 49. Qh5+ Rh7 50. Qe5+ 1-0

[Event "25. Open Internacional de Andorra"]
[Site "Andorra AND"]
[Date "2007.07.04"]
[Round "5.18"]
[White "Vassallo Barroche, Mauricio"]
[Black "Suarez Trigueros, Jose Alfonso"]
[Result "1-0"]
[WhiteElo "2392"]
[BlackElo "2181"]
[PlyCount "55"]
[EventDate "2007.06.30"]
[EventType "swiss"]
[EventRounds "9"]
[EventCountry "AND"]
[Source "lmi"]
[SourceDate "2007.06.30"]

1. d4 c5 2. d5 e5 3. e4 Nf6 4. Nc3 d6 5. Bb5+ Bd7 6. a4 Be7 7. Nf3 O-O 8. Nd2
Ne8 9. Nc4 Bg5 10. O-O h6 11. Ra3 Bxc1 12. Qxc1 a6 13. Bxd7 Nxd7 14. a5 b5 15.
axb6 Nxb6 16. Na5 Nf6 17. Qd1 Nfd7 18. Qg4 Qg5 19. Qxg5 hxg5 20. b3 Nb8 21.
Rfa1 Rd8 22. f3 Kf8 23. Nc6 Rc8 24. Nxb8 Rcxb8 25. Rxa6 Rxa6 26. Rxa6 Rb7 27.
Nb5 Ke7 28. c4 1-0

[Event "25. Open Internacional de Andorra"]
[Site "Andorra AND"]
[Date "2007.07.04"]
[Round "5.19"]
[White "Clement Gomez, Jose A"]
[Black "Gallego Bergada, Antoni"]
[Result "1-0"]
[WhiteElo "2357"]
[BlackElo "1949"]
[PlyCount "95"]
[EventDate "2007.06.30"]
[EventType "swiss"]
[EventRounds "9"]
[EventCountry "AND"]
[Source "lmi"]
[SourceDate "2007.06.30"]

1. c4 e6 2. Nf3 Nf6 3. g3 c5 4. Bg2 Nc6 5. O-O Be7 6. b3 O-O 7. Bb2 d5 8. e3 b6
9. Qe2 Bb7 10. d3 Qc7 11. Nc3 a6 12. Rac1 Rfe8 13. Rfd1 Rad8 14. cxd5 exd5 15.
d4 h6 16. dxc5 bxc5 17. Na4 Ne4 18. Ba3 Qa5 19. Nd2 Nb4 20. Nxe4 dxe4 21. Qg4
Rxd1+ 22. Rxd1 Bf6 23. Qe2 Rc8 24. Qc4 Nxa2 25. Bh3 Rc7 26. Bf5 g6 27. Bxg6 Qb5
28. Bf5 Qxc4 29. bxc4 Nc3 30. Nxc3 Bxc3 31. Rd8+ Kg7 32. Re8 a5 33. Bxe4 Bc8
34. Rd8 Be6 35. Bd5 Bh3 36. f4 Bb4 37. Bb2+ Kh7 38. Be4+ f5 39. Bd5 Re7 40. Kf2
Bd2 41. Be5 Bb4 42. Bg8+ Kg6 43. Rd6+ Kh5 44. Bd5 a4 45. Bf3+ Bg4 46. h3 Bxf3
47. Kxf3 Ra7 48. g4+ 1-0

[Event "25. Open Internacional de Andorra"]
[Site "Andorra AND"]
[Date "2007.07.04"]
[Round "5.20"]
[White "Iglesias, Jorge"]
[Black "Bove, Alessandro"]
[Result "1-0"]
[WhiteElo "2356"]
[BlackElo "2120"]
[PlyCount "73"]
[EventDate "2007.06.30"]
[EventType "swiss"]
[EventRounds "9"]
[EventCountry "AND"]
[Source "lmi"]
[SourceDate "2007.06.30"]

1. e4 Nf6 2. e5 Nd5 3. d4 d6 4. c4 Nb6 5. exd6 cxd6 6. Nc3 g6 7. Bd3 Bg7 8.
Nge2 O-O 9. Be3 Nc6 10. b3 e5 11. d5 Nb4 12. Bb1 f5 13. f3 Bd7 14. a3 Na6 15.
Ba2 Rc8 16. Rc1 e4 17. f4 Nc5 18. O-O a5 19. Nb5 Bxb5 20. cxb5 Na8 21. Qd2 Qd7
22. Qxa5 Nd3 23. Rc4 Nc7 24. a4 Nxd5 25. b4 Kh8 26. Rxc8 Nxe3 27. Rc7 Qd8 28.
Rxb7 Nxf1 29. Qxd8 Rxd8 30. Kxf1 Nxb4 31. a5 Nd3 32. a6 Nc5 33. Rc7 Na4 34. a7
Bf8 35. Rb7 Ra8 36. Bd5 Nc5 37. Rf7 1-0

[Event "25. Open Internacional de Andorra"]
[Site "Andorra AND"]
[Date "2007.07.05"]
[Round "6.1"]
[White "Rodshtein, Maxim"]
[Black "Kogan, Artur"]
[Result "1/2-1/2"]
[WhiteElo "2530"]
[BlackElo "2566"]
[PlyCount "26"]
[EventDate "2007.06.30"]
[EventType "swiss"]
[EventRounds "9"]
[EventCountry "AND"]
[Source "lmi"]
[SourceDate "2007.06.30"]

1. d4 Nf6 2. c4 e6 3. Nf3 Bb4+ 4. Nbd2 d5 5. Qa4+ Nc6 6. a3 Bxd2+ 7. Bxd2 Ne4
8. Rd1 O-O 9. e3 Bd7 10. Qc2 Be8 11. b4 a6 12. Be2 f5 13. a4 Bh5 1/2-1/2

[Event "25. Open Internacional de Andorra"]
[Site "Andorra AND"]
[Date "2007.07.05"]
[Round "6.2"]
[White "Khenkin, Igor"]
[Black "Strikovic, Aleksa"]
[Result "1/2-1/2"]
[WhiteElo "2629"]
[BlackElo "2563"]
[PlyCount "39"]
[EventDate "2007.06.30"]
[EventType "swiss"]
[EventRounds "9"]
[EventCountry "AND"]
[Source "lmi"]
[SourceDate "2007.06.30"]

1. d4 d6 2. e4 Nf6 3. f3 c5 4. dxc5 Qa5+ 5. Nc3 Qxc5 6. Qd3 a6 7. Be3 Qa5 8.
Nge2 Nbd7 9. Qd2 e6 10. Nd4 b5 11. g4 h6 12. h4 Bb7 13. Rg1 b4 14. Nce2 Ne5 15.
Nc1 d5 16. g5 hxg5 17. hxg5 Nfd7 18. g6 Nf6 19. gxf7+ Kxf7 20. Nd3 1/2-1/2

[Event "25. Open Internacional de Andorra"]
[Site "Andorra AND"]
[Date "2007.07.05"]
[Round "6.3"]
[White "Lopez Martinez, Josep Manuel"]
[Black "Baklan, Vladimir"]
[Result "1/2-1/2"]
[WhiteElo "2563"]
[BlackElo "2618"]
[PlyCount "55"]
[EventDate "2007.06.30"]
[EventType "swiss"]
[EventRounds "9"]
[EventCountry "AND"]
[Source "lmi"]
[SourceDate "2007.06.30"]

1. e4 c5 2. Nf3 Nc6 3. d4 cxd4 4. Nxd4 Nf6 5. Nc3 d6 6. Bg5 e6 7. Qd2 Be7 8.
O-O-O Nxd4 9. Qxd4 O-O 10. f3 a6 11. h4 b5 12. Kb1 Qc7 13. Qd2 b4 14. Ne2 Rb8
15. g4 Rd8 16. Ng3 a5 17. Bd3 a4 18. Nh5 Nxh5 19. gxh5 Bxg5 20. hxg5 a3 21. b3
d5 22. exd5 Rxd5 23. c4 bxc3 24. Qc2 Rxg5 25. h6 g6 26. Bc4 e5 27. Qxc3 Be6 28.
Rh4 1/2-1/2

[Event "25. Open Internacional de Andorra"]
[Site "Andorra AND"]
[Date "2007.07.05"]
[Round "6.4"]
[White "Spraggett, Kevin"]
[Black "Peralta, Fernando"]
[Result "1/2-1/2"]
[WhiteElo "2611"]
[BlackElo "2563"]
[PlyCount "61"]
[EventDate "2007.06.30"]
[EventType "swiss"]
[EventRounds "9"]
[EventCountry "AND"]
[Source "lmi"]
[SourceDate "2007.06.30"]

1. d4 Nf6 2. c4 e6 3. Nf3 d5 4. Nc3 Bb4 5. cxd5 exd5 6. Bg5 Nbd7 7. Qc2 c5 8.
a3 Bxc3+ 9. Qxc3 h6 10. Bxf6 Qxf6 11. e3 O-O 12. Be2 b6 13. O-O a6 14. Rfc1 c4
15. a4 Bb7 16. Qb4 Bc6 17. b3 b5 18. bxc4 dxc4 19. Nd2 Nb6 20. axb5 axb5 21.
Bf3 Na4 22. Bxc6 Qxc6 23. Nf3 Rfc8 24. Rab1 Rab8 25. Ne5 Qe4 26. h3 f6 27. Nf3
Kh7 28. Qa5 Qc6 29. Qb4 Qe4 30. Ra1 c3 31. Ne1 1/2-1/2

[Event "25. Open Internacional de Andorra"]
[Site "Andorra AND"]
[Date "2007.07.05"]
[Round "6.5"]
[White "Postny, Evgeny"]
[Black "Del Rio Angelis, Salvador Gabriel"]
[Result "1-0"]
[WhiteElo "2622"]
[BlackElo "2505"]
[PlyCount "53"]
[EventDate "2007.06.30"]
[EventType "swiss"]
[EventRounds "9"]
[EventCountry "AND"]
[Source "lmi"]
[SourceDate "2007.06.30"]

1. d4 e6 2. c4 b6 3. a3 f5 4. Nc3 Nf6 5. g3 c6 6. Bf4 Ba6 7. Qa4 Bb7 8. Bg2 Be7
9. Nh3 O-O 10. O-O Nh5 11. d5 Nxf4 12. Nxf4 Qc8 13. e4 fxe4 14. Bxe4 Rxf4 15.
gxf4 Qf8 16. Ne2 Na6 17. dxc6 dxc6 18. b4 Rc8 19. Qc2 g6 20. Rad1 Nc7 21. Rd7
Ba8 22. Qc3 Qe8 23. Rd2 Qf7 24. Bg2 Ne8 25. Rd7 Nf6 26. Rxa7 Rf8 27. Qe5 1-0

[Event "25. Open Internacional de Andorra"]
[Site "Andorra AND"]
[Date "2007.07.05"]
[Round "6.6"]
[White "Garcia Roman, Daniel"]
[Black "Damljanovic, Branko"]
[Result "0-1"]
[WhiteElo "2425"]
[BlackElo "2585"]
[PlyCount "112"]
[EventDate "2007.06.30"]
[EventType "swiss"]
[EventRounds "9"]
[EventCountry "AND"]
[Source "lmi"]
[SourceDate "2007.06.30"]

1. d4 Nf6 2. c4 g6 3. Nc3 Bg7 4. e4 d6 5. Be2 O-O 6. Nf3 c5 7. O-O Nc6 8. d5
Na5 9. Nd2 e5 10. a3 b6 11. b4 Nb7 12. Nb3 Nd7 13. Be3 f5 14. f3 Bf6 15. exf5
gxf5 16. Qd2 Kh8 17. Bd3 f4 18. Bf2 Bh4 19. Ne4 Bxf2+ 20. Qxf2 Qe7 21. Nbd2 Nd8
22. bxc5 Nxc5 23. Nxc5 bxc5 24. Rfb1 Nf7 25. Rb5 Nh6 26. Rab1 Nf5 27. Bxf5 Bxf5
28. Ne4 Rg8 29. Rb7 Qd8 30. Kh1 Bxe4 31. fxe4 Qg5 32. Qf3 Qh4 33. Kg1 Rg6 34.
Rb8+ Rxb8 35. Rxb8+ Kg7 36. Rb7+ Kh6 37. Rb1 Kg5 38. Qf2 Qg4 39. Rf1 Rg7 40.
Rb1 h5 41. a4 h4 42. Qf3 h3 43. Qxg4+ Kxg4 44. Rb3 a5 45. Rxh3 Rb7 46. Rh6 Rb1+
47. Kf2 Rb2+ 48. Kg1 Rb1+ 49. Kf2 Rb2+ 50. Kg1 f3 51. Rg6+ Kh5 52. Rxd6 Rxg2+
53. Kf1 Kg4 54. Rc6 Kf4 55. Rxc5 Rxh2 56. Rb5 Kg3 0-1

[Event "25. Open Internacional de Andorra"]
[Site "Andorra AND"]
[Date "2007.07.05"]
[Round "6.7"]
[White "Vassallo Barroche, Mauricio"]
[Black "Timoshenko, Georgy"]
[Result "0-1"]
[WhiteElo "2392"]
[BlackElo "2566"]
[PlyCount "136"]
[EventDate "2007.06.30"]
[EventType "swiss"]
[EventRounds "9"]
[EventCountry "AND"]
[Source "lmi"]
[SourceDate "2007.06.30"]

1. d4 Nf6 2. c4 g6 3. Nf3 Bg7 4. g3 O-O 5. Bg2 d6 6. O-O Nc6 7. Nc3 a6 8. h3
Bd7 9. e4 e5 10. dxe5 dxe5 11. Re1 Re8 12. Nd5 Be6 13. Bg5 h6 14. Nxf6+ Bxf6
15. Qxd8 Bxd8 16. Bxh6 Bxc4 17. b3 Be6 18. Be3 f6 19. Bf1 Kf7 20. Rac1 Be7 21.
Bc5 Red8 22. Bc4 Rd7 23. h4 Bxc5 24. Bxe6+ Kxe6 25. Rxc5 Nb4 26. Re2 b6 27. Rc4
c5 28. a3 Nc6 29. Re3 a5 30. Ne1 Rd1 31. Kg2 Rad8 32. Nc2 Rb1 33. b4 Rd2 34.
bxc5 b5 35. Rcc3 Rb2 36. Ne1 Rxf2+ 37. Kg1 Rfd2 38. Rb3 Rxb3 39. Rxb3 Nd4 40.
Re3 Rd1 41. Kf2 Rc1 42. Nd3 Rc2+ 43. Kf1 Ke7 44. g4 Rh2 45. h5 gxh5 46. gxh5
Rxh5 47. Rg3 Rh1+ 48. Kg2 Ra1 49. Rg7+ Kf8 50. Ra7 Rxa3 51. Nf2 Ne2 52. c6 Rc3
53. Rxa5 Nd4 54. Ra7 Rxc6 55. Rb7 Ke8 56. Nd3 Rc4 57. Nf2 Kd8 58. Ng4 Rc6 59.
Rf7 b4 60. Nxf6 b3 61. Nd5 Rc5 62. Rf8+ Kd7 63. Rf7+ Kd6 64. Rf6+ Ne6 65. Rf7
Rb5 66. Nc3 Rb4 67. Rf6 b2 68. Rf1 Rc4 0-1

[Event "25. Open Internacional de Andorra"]
[Site "Andorra AND"]
[Date "2007.07.05"]
[Round "6.9"]
[White "Arizmendi Martinez, Julen Luis"]
[Black "Jakobsen, Ole"]
[Result "1/2-1/2"]
[WhiteElo "2525"]
[BlackElo "2379"]
[PlyCount "35"]
[EventDate "2007.06.30"]
[EventType "swiss"]
[EventRounds "9"]
[EventCountry "AND"]
[Source "lmi"]
[SourceDate "2007.06.30"]

1. e4 c5 2. Nc3 e6 3. Nf3 a6 4. d4 cxd4 5. Nxd4 Qc7 6. Bd3 Nf6 7. Qe2 d6 8. f4
Nbd7 9. Nf3 Nc5 10. Bd2 Be7 11. O-O b5 12. b4 Nxd3 13. cxd3 Bb7 14. Rfc1 Qd8
15. a4 bxa4 16. Nxa4 O-O 17. Nd4 Rc8 18. Nb3 1/2-1/2

[Event "25. Open Internacional de Andorra"]
[Site "Andorra AND"]
[Date "2007.07.05"]
[Round "6.10"]
[White "De la Riva Aguado, Oscar"]
[Black "Clement Gomez, Jose A"]
[Result "1-0"]
[WhiteElo "2525"]
[BlackElo "2357"]
[PlyCount "57"]
[EventDate "2007.06.30"]
[EventType "swiss"]
[EventRounds "9"]
[EventCountry "AND"]
[Source "lmi"]
[SourceDate "2007.06.30"]

1. e4 c5 2. Nf3 d6 3. d4 cxd4 4. Nxd4 Nf6 5. Nc3 Nc6 6. f3 e6 7. Be3 a6 8. Qd2
Bd7 9. O-O-O h5 10. h3 Be7 11. f4 Nxd4 12. Bxd4 b5 13. e5 b4 14. exf6 bxc3 15.
Bxc3 gxf6 16. Bc4 d5 17. Bb3 a5 18. a4 Qb6 19. Rhe1 Rg8 20. Bxd5 Rb8 21. Bb3
Bc6 22. f5 e5 23. Qh6 Bxg2 24. Qxh5 Rf8 25. Qe2 Qb7 26. Rd3 Bc6 27. Re3 Bd5 28.
Bxd5 Qxd5 29. Bxe5 1-0

[Event "25. Open Internacional de Andorra"]
[Site "Andorra AND"]
[Date "2007.07.05"]
[Round "6.11"]
[White "Shumiakina, Tatiana"]
[Black "Perez Candelario, Manuel"]
[Result "1/2-1/2"]
[WhiteElo "2375"]
[BlackElo "2511"]
[PlyCount "103"]
[EventDate "2007.06.30"]
[EventType "swiss"]
[EventRounds "9"]
[EventCountry "AND"]
[Source "lmi"]
[SourceDate "2007.06.30"]

1. d4 d5 2. c4 e6 3. Nc3 Nf6 4. cxd5 exd5 5. Bg5 Be7 6. e3 Nbd7 7. Bd3 O-O 8.
Qc2 Re8 9. Nf3 Nf8 10. h3 Be6 11. O-O c6 12. Ne5 N6d7 13. Bxe7 Qxe7 14. f4 f6
15. Nf3 Kh8 16. Rae1 Nb6 17. f5 Bg8 18. Qf2 Rad8 19. Re2 Nfd7 20. Rfe1 Bf7 21.
g4 Qf8 22. Qh4 Nc8 23. g5 Nd6 24. Rg2 Bg8 25. Ne2 fxg5 26. Nxg5 Nxf5 27. Bxf5
Qxf5 28. Rf1 Qg6 29. Nf7+ Bxf7 30. Rxg6 Bxg6 31. Nf4 Bf7 32. Rf3 Nf6 33. Nd3
Re4 34. Qf2 Rde8 35. Ne5 Be6 36. Qg3 Rf8 37. Qg5 Re8 38. Rg3 Re7 39. Nd3 h6 40.
Qg6 Bxh3 41. Nf2 Bd7 42. Nxe4 Nxe4 43. Rf3 Kg8 44. Qg2 Ng5 45. Rg3 Bf5 46. Rxg5
hxg5 47. Qxg5 Rf7 48. Qd8+ Kh7 49. Qh4+ Kg8 50. Qd8+ Kh7 51. Qh4+ Kg8 52. Qd8+
1/2-1/2

[Event "25. Open Internacional de Andorra"]
[Site "Andorra AND"]
[Date "2007.07.05"]
[Round "6.12"]
[White "Navarro Cia, Miguel"]
[Black "Comas Fabrego, Luis"]
[Result "1/2-1/2"]
[WhiteElo "2338"]
[BlackElo "2487"]
[PlyCount "42"]
[EventDate "2007.06.30"]
[EventType "swiss"]
[EventRounds "9"]
[EventCountry "AND"]
[Source "lmi"]
[SourceDate "2007.06.30"]

1. e4 c5 2. Nf3 d6 3. d4 cxd4 4. Nxd4 Nf6 5. f3 Nc6 6. c4 g6 7. Nc3 Bg7 8. Be3
O-O 9. Qd2 Bd7 10. Nc2 Qa5 11. Be2 Rfc8 12. O-O Be6 13. Rac1 Nd7 14. b4 Qd8 15.
Nd5 a5 16. b5 Nce5 17. Nd4 Bxd5 18. cxd5 Nc5 19. Rc2 a4 20. Rb1 Ned7 21. Bf1
Qb6 1/2-1/2

[Event "25. Open Internacional de Andorra"]
[Site "Andorra AND"]
[Date "2007.07.05"]
[Round "6.13"]
[White "Edouard, Romain"]
[Black "Iglesias, Jorge"]
[Result "1-0"]
[WhiteElo "2447"]
[BlackElo "2356"]
[PlyCount "49"]
[EventDate "2007.06.30"]
[EventType "swiss"]
[EventRounds "9"]
[EventCountry "AND"]
[Source "lmi"]
[SourceDate "2007.06.30"]

1. e4 c5 2. Nf3 d6 3. d4 cxd4 4. Nxd4 Nf6 5. f3 e5 6. Nb3 d5 7. exd5 Qxd5 8.
Qe2 Bb4+ 9. Bd2 Bxd2+ 10. N1xd2 O-O 11. O-O-O Qe6 12. Qf2 Nc6 13. Qh4 a5 14.
Bc4 Qe7 15. Ne4 Bf5 16. Nxf6+ gxf6 17. Nd2 Nd4 18. Ne4 Kg7 19. Bd3 Rfc8 20.
Rhe1 Bg6 21. f4 Qe6 22. Kb1 Nxc2 23. Bxc2 Rxc2 24. f5 Bxf5 25. Kxc2 1-0

[Event "25. Open Internacional de Andorra"]
[Site "Andorra AND"]
[Date "2007.07.05"]
[Round "6.14"]
[White "Huerga Leache, Mikel"]
[Black "Damaso, Rui"]
[Result "1/2-1/2"]
[WhiteElo "2344"]
[BlackElo "2438"]
[PlyCount "101"]
[EventDate "2007.06.30"]
[EventType "swiss"]
[EventRounds "9"]
[EventCountry "AND"]
[Source "lmi"]
[SourceDate "2007.06.30"]

1. e4 c5 2. Nf3 d6 3. d4 cxd4 4. Nxd4 Nf6 5. Nc3 a6 6. Be3 e5 7. Nf3 Be7 8. Bc4
Nc6 9. O-O O-O 10. Bg5 Be6 11. Bb3 Rc8 12. Bxf6 Bxf6 13. Qd3 Nb4 14. Qd2 Bg4
15. a3 Nc6 16. Qd3 b5 17. Nd5 Bg5 18. h3 Bxf3 19. Qxf3 Nd4 20. Qd3 Kh8 21. a4
Bh6 22. axb5 axb5 23. Ra3 Qh4 24. c3 Ne6 25. Bc2 Nf4 26. Nxf4 Bxf4 27. Rfa1 b4
28. cxb4 f5 29. g3 Qxh3 30. gxf4 Qg4+ 31. Kf1 Qh4 32. Bd1 d5 33. Qh3 Qxf4 34.
exd5 Qxb4 35. Rb3 Qd2 36. Qd3 Qh6 37. Rb7 e4 38. Qd4 Qh1+ 39. Ke2 Qf3+ 40. Ke1
Qh1+ 41. Kd2 e3+ 42. fxe3 Qg2+ 43. Be2 f4 44. Raa7 fxe3+ 45. Kd3 Qg6+ 46. Qe4
Qg1 47. Qd4 Qb1+ 48. Kxe3 Qg1+ 49. Kd3 Qb1+ 50. Ke3 Qg1+ 51. Kd3 1/2-1/2

[Event "25. Open Internacional de Andorra"]
[Site "Andorra AND"]
[Date "2007.07.05"]
[Round "6.16"]
[White "Teixeira, Rafael Goltsman"]
[Black "Kosten, Anthony C"]
[Result "0-1"]
[WhiteElo "2229"]
[BlackElo "2517"]
[PlyCount "64"]
[EventDate "2007.06.30"]
[EventType "swiss"]
[EventRounds "9"]
[EventCountry "AND"]
[Source "lmi"]
[SourceDate "2007.06.30"]

1. e4 e5 2. Nf3 Nc6 3. Bc4 Nf6 4. d3 Bc5 5. O-O a6 6. c3 Ba7 7. Bb3 d6 8. Nbd2
O-O 9. Nc4 Ne7 10. Bg5 Ng6 11. d4 h6 12. dxe5 hxg5 13. exf6 Qxf6 14. Nd4 Nf4
15. Re1 Re8 16. Ne3 Bd7 17. Nd5 Nxd5 18. Bxd5 c6 19. Bb3 g4 20. Bc2 Re5 21. Nf5
Rae8 22. Qd2 Bxf5 23. exf5 g3 24. hxg3 Qh6 25. Rxe5 Qxd2 26. Rxe8+ Kh7 27. Bb3
Bxf2+ 28. Kf1 Bxg3 29. Kg1 Bf2+ 30. Kf1 Bc5 31. Re2 Qh6 32. Ree1 Qf4+ 0-1

[Event "25. Open Internacional de Andorra"]
[Site "Andorra AND"]
[Date "2007.07.05"]
[Round "6.17"]
[White "Movsziszian, Karen"]
[Black "Vega Gutierrez, Belinda Vidina"]
[Result "1-0"]
[WhiteElo "2497"]
[BlackElo "2159"]
[PlyCount "59"]
[EventDate "2007.06.30"]
[EventType "swiss"]
[EventRounds "9"]
[EventCountry "AND"]
[Source "lmi"]
[SourceDate "2007.06.30"]

1. g3 d5 2. Bg2 c6 3. d3 Bg4 4. h3 Bh5 5. f4 e6 6. Nf3 Nd7 7. e4 dxe4 8. dxe4
Bxf3 9. Qxf3 Qb6 10. Nd2 Ngf6 11. a3 Nc5 12. e5 Nfd7 13. b4 Na4 14. Nb3 Qc7 15.
c4 O-O-O 16. O-O f6 17. exf6 Nxf6 18. Re1 g6 19. Ra2 Bg7 20. Rae2 Rhe8 21. Rxe6
Rxe6 22. Rxe6 Qd7 23. Re1 Ng8 24. Be3 Nb6 25. Na5 Bd4 26. Kh2 Bxe3 27. Rxe3 Ne7
28. b5 Nf5 29. bxc6 bxc6 30. Rd3 1-0

[Event "25. Open Internacional de Andorra"]
[Site "Andorra AND"]
[Date "2007.07.05"]
[Round "6.18"]
[White "Vila Gazquez, Javier"]
[Black "Minina, Veronika"]
[Result "1-0"]
[WhiteElo "2415"]
[BlackElo "2130"]
[PlyCount "77"]
[EventDate "2007.06.30"]
[EventType "swiss"]
[EventRounds "9"]
[EventCountry "AND"]
[Source "lmi"]
[SourceDate "2007.06.30"]

1. e4 e6 2. d4 d5 3. Nc3 Nf6 4. e5 Nfd7 5. f4 c5 6. Nf3 Nc6 7. Be3 a6 8. Qd2 b5
9. dxc5 Bxc5 10. Bxc5 Nxc5 11. Qf2 Qb6 12. Bd3 b4 13. Ne2 a5 14. O-O Ba6 15. f5
exf5 16. Nf4 Qa7 17. Bxa6 Nxa6 18. Qxa7 Rxa7 19. Rad1 O-O 20. Rxd5 Re8 21. Rfd1
g6 22. Rb5 Nc7 23. Rc5 Ra6 24. Rd7 Ne6 25. Nxe6 Rxe6 26. Rb5 Ra8 27. Rbb7 Nxe5
28. Nxe5 Rxe5 29. Rxf7 Rd8 30. Rg7+ Kf8 31. Rxh7 Kg8 32. Rbg7+ Kf8 33. Rc7 Kg8
34. h4 Re6 35. Kh2 f4 36. Rhg7+ Kh8 37. Rgf7 Re2 38. Rxf4 Kg8 39. Rc6 1-0